000 00282nam a2200121Ia 4500
008 190216s9999||||xx |||||||||||||| ||und||
100 _aBahadur Murao
245 0 _aManagement Accounting
260 _bUnian Bank Of Kerala
_c1972
300 _a540p
650 _aCommerce
942 _cBK
999 _c4125
_d4125